TV Show Hosts by First Names Quiz Stats

 Plays Quiz Updated Mar 30, 2020

Support Sporcle.
Go Orange.
Score 0/24 Timer 05:00
0 Plays Today
% Correct
DONALD Trump
94.7%
TYRA Banks
94.2%
HEIDI Klum
93.3%
GORDON Ramsay
92.7%
CONAN O'Brien
92.4%
RYAN Seacrest
89.5%
STEVE Harvey
89%
ANDERSON Cooper
88.6%
REGIS Philbin
88.6%
JERRY Springer
88.1%
GUY Fieri
88.1%
DREW Carey
87.9%
% Correct
BEAR Grylls
87.6%
ALEX Trebek
86.9%
MEREDITH Vieira
86.7%
JOHNNY Carson
86.5%
JULIA Child
85.8%
ANTHONY Bourdain
84.4%
PADMA Lakshmi
84%
JULIE Chen
76.8%
JEFF Probst
75.4%
CARSON Daly
74.7%
CHUCK Todd
71.6%
PHIL Keoghan
64.9%

You're not logged in!

Compare scores with friends on all Sporcle quizzes.
OR
Log In

From the Vault

British Museum Collection

by tim_parr

We cannot confirm or deny whether these objects come to life after the museum closes.
Remove Ads.
Support Sporcle.
Get the best of Sporcle when you Go Orange. This ad-free experience offers more features, more stats, and more fun while also helping to support Sporcle. Thank you for becoming a member.

Show Comments

Extras

Top Quizzes Today


Score Distribution

Your Account Isn't Verified!

In order to create a playlist on Sporcle, you need to verify the email address you used during registration. Go to your Sporcle Settings to finish the process.

Report this User

Report this user for behavior that violates our Community Guidelines.

Details: